Statistics for All Counties of the United States by First Two Letters

Click here to take the quiz!

General Stats

  • This quiz has been taken 1,648 times
  • The average score is 1335 of 3142

Answer Stats

State County % Correct
LASt. Mary
72%
OKMayes
72%
ILMassac
72%
TXMatagorda
72%
AKMatanuska-Susitna
72%
VAMathews
72%
HIMaui
72%
TNMaury
72%
TXMaverick
72%
IAMahaska
72%
VAMartinsville
72%
KYMagoffin
72%
ALMadison
72%
CAMadera
72%
ILMacoupin
72%
ALMacon
72%
MIMacomb
72%
MIMackinac
72%
ILMason
72%
FLMartin
72%
OKMajor
72%
WIMarathon
72%
VAManassas Park
72%
VAManassas
72%
FLManatee
72%
MIManistee
72%
OHMahoning
72%
MNMahnomen
72%
WIManitowoc
72%
ALMarengo
72%
ALMarshall
72%
AZMaricopa
72%
MOMaries
72%
CAMarin
72%
WIMarinette
72%
ALMarion
72%
CAMariposa
72%
SCMarlboro
72%
MIMarquette
72%
MDSt. Mary's
72%
ORMalheur
72%
LASt. Bernard
72%
FLSt. Johns
72%
LASt. Charles
72%
ALSt. Clair
72%
WISt. Croix
72%
ARSt. Francis
72%
MOSt. Francois
72%
LASt. James
72%
LASt. John the Baptist
72%
LASt. Helena
72%
INSt. Joseph
72%
FLSt. Lucie
72%
LASt. Landry
72%
LASt. Martin
72%
LASt. Tammany
72%
MNSt. Louis
72%
MOSt. Louis City
72%
NYSt. Lawrence
72%
NMSanta Fe
68%
NMSandoval
68%
OHSandusky
68%
ILSangamon
68%
MISanilac
68%
UTSanpete
68%
CASanta Barbara
68%
CASanta Clara
68%
AZSanta Cruz
68%
COSan Miguel
68%
FLSanta Rosa
68%
FLSarasota
68%
NYSaratoga
68%
NDSargent
68%
NESarpy
68%
WISauk
68%
NESaunders
68%
WISawyer
68%
SDSanborn
68%
MTSanders
68%
IAWapello
68%
ILWabash
68%
CASan Bernardino
68%
ARSaline
68%
UTSalt Lake
68%
SCSaluda
68%
NCSampson
68%
TXSan Augustine
68%
CASan Benito
68%
CASan Diego
68%
TXSan Patricio
68%
CASan Francisco
68%
TXSan Jacinto
68%
CASan Joaquin
68%
COSan Juan
68%
CASan Luis Obispo
68%
CASan Mateo
68%
MNWabasha
68%
NJSalem
68%
MISaginaw
68%
SDWalworth
68%
ALWalker
68%
FLWalton
68%
MSWalthall
68%
TXSan Saba
68%
ORWallowa
68%
TXWaller
68%
KSWallace
68%
WAWalla Walla
68%
MEWaldo
68%
MESagadahoc
68%
FLWakulla
68%
NCWake
68%
WAWahkiakum
68%
OKWagoner
68%
MNWadena
68%
KSWabaunsee
68%
CASacramento
68%
COSaguache
68%
NDWalsh
68%
IASac
68%
WIWaushara
68%
UTWasatch
68%
WYWashakie
68%
WIWashburn
68%
ALWashington
68%
OKWashita
68%
NVWashoe
68%
MIWashtenaw
68%
NCWatauga
68%
MNWatonwan
68%
LASabine
68%
WIWaukesha
68%
WIWaupaca
68%
GAWayne
68%
MNWaseca
68%
VAWaynesboro
68%
INWarrick
68%
GAWarren
68%
GAWare
68%
NDWard
68%
ORWasco
68%
WILanglade
66%
ALLawrence
66%
TXLavaca
66%
GALaurens
66%
KYLaurel
66%
ALLauderdale
66%
OKLatimer
66%
IDLatah
66%
NVLander
66%
KSLane
66%
ARLafayette
66%
WILa Crosse
66%
AZLa Paz
66%
COLa Plata
66%
TXLa Salle
66%
KSLabette
66%
MNLac qui Parle
66%
PALackawanna
66%
MOLaclede
66%
LALafourche
66%
ILLaSalle
66%
INLaGrange
66%
AKLake and Peninsula
66%
MNLake of the Woods
66%
ALLamar
66%
TXLamb
66%
VTLamoille
66%
NDLaMoure
66%
TXLampasas
66%
NELancaster
66%
CALassen
66%
CALake
66%
COLas Animas
66%
MILapeer
66%
KYLaRue
66%
GALanier
66%
INLaPorte
66%
WYLaramie
66%
COLarimer
66%
IDCanyon
65%
TNCannon
65%
GACandler
65%
OKCanadian
65%
KYCampbell
65%
TXCamp
65%
LACameron
65%
GACamden
65%
PACambria
65%
IDCamas
65%
WICalumet
65%
MDCalvert
65%
KYCalloway
65%
NJCape May
65%
MOCallaway
65%
TXCallahan
65%
ALCalhoun
65%
VTCaledonia
65%
KYCaldwell
65%
LACalcasieu
65%
CACalaveras
65%
UTCache
65%
MOCape Girardeau
65%
KYCarlisle
65%
MTCarbon
65%
ILCass
65%
NYCayuga
65%
NDCavalier
65%
NYCattaraugus
65%
NMCatron
65%
GACatoosa
65%
NCCatawba
65%
LACatahoula
65%
NCCaswell
65%
TXCastro
65%
IDCassia
65%
KYCasey
65%
IDCaribou
65%
MTCascade
65%
MNCarver
65%
NCCarteret
65%
KYCarter
65%
TXCarson
65%
NVCarson City
65%
ARCarroll
65%
MDCaroline
65%
MNCarlton
65%
NCCabarrus
65%
WVCabell
65%
LACaddo
65%
AZMohave
64%
KSMorton
64%
NMMora
64%
ALMorgan
64%
NEMorrill
64%
KSMorris
64%
MNMorrison
64%
OHMorrow
64%
TXMotley
64%
SDMoody
64%
ILMoultrie
64%
NDMountrail
64%
MNMower
64%
COMoffat
64%
CAModoc
64%
ALMobile
64%
NCMoore
64%
LAMorehouse
64%
COMontrose
64%
TXMontague
64%
PAMontour
64%
MOMoniteau
64%
CAMono
64%
IAMonona
64%
WVMonongalia
64%
ALMonroe
64%
NJMonmouth
64%
MIMontcalm
64%
COMontezuma
64%
ALMontgomery
64%
MIMontmorency
64%
CAMonterey
64%
SDDay
63%
NCDavie
63%
INDaviess
63%
IADavis
63%
MTMissoula
63%
SDDavison
63%
NEDawes
63%
GADawson
63%
INMiami
63%
MIMidland
63%
CTMiddlesex
63%
FLMiami-Dade
63%
SDMinnehaha
63%
GAMitchell
63%
UTDaggett
63%
WVMingo
63%
IDMinidoka
63%
GADade
63%
IAMills
63%
MNDakota
63%
VADanville
63%
NCDavidson
63%
PADauphin
63%
SCDarlington
63%
MIMissaukee
63%
SDMiner
63%
COMineral
63%
OHDarke
63%
NCDare
63%
MTDaniels
63%
PAMifflin
63%
WIDane
63%
ALDallas
63%
TXDallam
63%
ALDale
63%
ARMiller
63%
MNMille Lacs
63%
UTMillard
63%
TXMilam
63%
WIMilwaukee
63%
ARMississippi
63%
OHColumbiana
61%
NEColfax
61%
CAColusa
61%
NCColumbus
61%
ARColumbia
61%
GAColquitt
61%
TXColorado
61%
VAColonial Heights
61%
TXCollingsworth
61%
TXCollin
61%
FLCollier
61%
SCColleton
61%
ILColes
61%
KSComanche
61%
TXColeman
61%
MOCole
61%
ALColbert
61%
TXCoke
61%
KSCoffey
61%
ALCoffee
61%
SDCodington
61%
AZCoconino
61%
TNCocke
61%
TXCochran
61%
TXComal
61%
TXConcho
61%
GACobb
61%
SDCorson
61%
WACowlitz
61%
KSCowley
61%
GACoweta
61%
ALCovington
61%
MNCottonwood
61%
OKCotton
61%
TXCottle
61%
COCostilla
61%
OHCoshocton
61%
TXCoryell
61%
MSCopiah
61%
LAConcordia
61%
ALCoosa
61%
NHCoos
61%
MOCooper
61%
TXCooke
61%
GACook
61%
ARConway
61%
WYConverse
61%
CAContra Costa
61%
COConejos
61%
ALConecuh
61%
AZCochise
61%
NYCortland
61%
OKCoal
61%
MSCoahoma
61%
KSNeosho
59%
INDearborn
59%
TXDeaf Smith
59%
ILDe Witt
59%
LADe Soto
59%
NMDe Baca
59%
DENew Castle
59%
NCNew Hanover
59%
KSNess
59%
MSNeshoba
59%
KYNelson
59%
KSNemaha
59%
MTDeer Lodge
59%
CTNew Haven
59%
VANew Kent
59%
CTNew London
59%
MONew Madrid
59%
NYNew York
59%
MINewaygo
59%
VANewport News
59%
RINewport
59%
ARNewton
59%
GADecatur
59%
OHDefiance
59%
SDHaakon
59%
NEDeuel
59%
ALLowndes
59%
ARNevada
59%
TXLoving
59%
OKLove
59%
NELoup
59%
IALouisa
59%
VALoudoun
59%
TNLoudon
59%
TXDeWitt
59%
OKDewey
59%
FLDeSoto
59%
ALDeKalb
59%
ARDesha
59%
ORDeschutes
59%
IADes Moines
59%
CODenver
59%
TXDenton
59%
MODent
59%
AKDenali
59%
CODelta
59%
INDelaware
59%
CADel Norte
59%
IDNez Perce
59%
SCNewberry
59%
ARLogan
59%
FLHardee
59%
SDHamlin
59%
MAHampden
59%
MAHampshire
59%
SCHampton
59%
GAHancock
59%
SDHand
59%
VAHanover
59%
TXHansford
59%
SDHanson
59%
GAHaralson
59%
CALos Angeles
59%
ORHarney
59%
NMLos Alamos
59%
OHLorain
59%
GAHabersham
59%
ARLonoke
59%
OKHarmon
59%
KYHarlan
59%
MDHarford
59%
WVHardy
59%
NMHarding
59%
ILHardin
59%
TNHardeman
59%
NCHarnett
59%
KSHarper
59%
GALong
59%
TNHawkins
59%
AKHaines
59%
ALHale
59%
NCHalifax
59%
GAHall
59%
TNHamblen
59%
NCHaywood
59%
GAHarris
59%
NEHayes
59%
TXHays
59%
HIHawaii
59%
KSHaskell
59%
KSHarvey
59%
TXHartley
59%
FLHamilton
59%
CTHartford
59%
GAHart
59%
VAHarrisonburg
59%
INHarrison
59%
WIBayfield
56%
TXBaylor
56%
SDBeadle
56%
IDBear Lake
56%
NCBeaufort
56%
NEBanner
56%
MOBates
56%
FLBay
56%
ALBarbour
56%
SCBamberg
56%
KSBarber
56%
MDBaltimore
56%
KYBallard
56%
ALBaldwin
56%
FLBaker
56%
TXBailey
56%
GABacon
56%
COBaca
56%
GABanks
56%
OKBeaver
56%
NDBarnes
56%
ARBaxter
56%
MABarnstable
56%
SCBarnwell
56%
KYBarren
56%
WIBarron
56%
GABarrow
56%
MIBarry
56%
INBartholomew
56%
KSBarton
56%
GABartow
56%
TXBastrop
56%
TXBandera
56%
KYBath
56%
LABeauregard
56%
IDBannock
56%
MTBeaverhead
56%
ARBenton
56%
MIBaraga
56%
MNBecker
56%
AKBethel
56%
NCBertie
56%
GABerrien
56%
NMBernalillo
56%
MABerkshire
56%
PABerks
56%
SCBerkeley
56%
NJBergen
56%
MIBenzie
56%
TXBexar
56%
COBent
56%
KYBell
56%
OKBeckham
56%
NDBenson
56%
TXBee
56%
NHBelknap
56%
PABedford
56%
OHBelmont
56%
MNBeltrami
56%
GABen Hill
56%
IDBenewah
56%
SDBennett
56%
VTBennington
56%
AKAleutians West
55%
FLAlachua
55%
NCAlamance
55%
CAAlameda
55%
COAlamosa
55%
NYAlbany
55%
VAAlbemarle
55%
MIAlcona
55%
MSAlcorn
55%
AKAleutians East
55%
MDAllegany
55%
ILAlexander
55%
VAAlexandria
55%
OKAlfalfa
55%
MIAlger
55%
IAAllamakee
55%
NCAlleghany
55%
PAAllegheny
55%
INAllen
55%
SCAllendale
55%
MIAlpena
55%
CAAlpine
55%
MIAllegan
55%
CTLitchfield
55%
IALinn
55%
ARLincoln
55%
ALLimestone
55%
ARLittle River
55%
TXLive Oak
55%
ILLivingston
55%
OHLicking
55%
FLLiberty
55%
TXLipscomb
55%
MSPontotoc
52%
NCNorthampton
52%
AKNome
52%
MANorfolk
52%
MNNorman
52%
AKNorth Slope
52%
OKNowata
52%
PANorthumberland
52%
AKNorthwest Arctic
52%
KSNorton
52%
VANottoway
52%
MONodaway
52%
MSNoxubee
52%
TXNolan
52%
INPorter
52%
MNNobles
52%
INNoble
52%
VAPoquoson
52%
OHPortage
52%
VAPortsmouth
52%
INPosey
52%
KSPottawatomie
52%
IAPottawattamie
52%
PAPotter
52%
MTPowder River
52%
KYPowell
52%
IDPower
52%
IAPoweshiek
52%
ARPope
52%
VAPowhatan
52%
MTPondera
52%
LAPointe Coupee
52%
ARPolk
52%
IAPocahontas
52%
ARPoinsett
52%
TXNacogdoches
51%
NENance
51%
MANantucket
51%
CANapa
51%
NCNash
51%
FLNassau
51%
LANatchitoches
51%
WYNatrona
51%
TXNavarro
51%
AZNavajo
51%
OHMeigs
50%
NEMerrick
50%
MTMeagher
50%
NCMecklenburg
50%
MIMecosta
50%
OHMedina
50%
KYMetcalfe
50%
COMesa
50%
NHMerrimack
50%
GAMeriwether
50%
MNMeeker
50%
ILMercer
50%
CAMerced
50%
MIMenominee
50%
KYMenifee
50%
CAMendocino
50%
ILMenard
50%
SDMellette
50%
KSMeade
50%
COPark
49%
TXParker
49%
NMSocorro
49%
AKSoutheast Fairbanks
49%
VASouthampton
49%
CASonoma
49%
TXSomervell
49%
MESomerset
49%
CASolano
49%
MSPanola
49%
TXParmer
49%
IDPayette
49%
KSPawnee
49%
GAPaulding
49%
VAPatrick
49%
NJPassaic
49%
NCPasquotank
49%
FLPasco
49%
INParke
49%
OKPayne
49%
WAPacific
49%
IAPage
49%
NCPamlico
49%
TXPalo Pinto
49%
IAPalo Alto
49%
FLPalm Beach
49%
IDBonneville
48%
ARBoone
48%
TXBorden
48%
TXBosque
48%
LABossier
48%
VABotetourt
48%
NDBottineau
48%
COBoulder
48%
IDBoundary
48%
NDBowman
48%
TXBowie
48%
IDAda
48%
NEBox Butte
48%
UTBox Elder
48%
KYBoyd
48%
KYBoyle
48%
VTAddison
48%
COAdams
48%
IAAdair
48%
IDBonner
48%
KSBourbon
48%
IDBoise
48%
ILBond
48%
MSBolivar
48%
MOBollinger
48%
SDBon Homme
48%
KYHopkins
47%
VAHopewell
47%
AKHoonah-Angoon
47%
NEHooker
47%
OHHocking
47%
TXHockley
47%
KSHodgeman
47%
NCHoke
47%
FLHolmes
47%
MOHolt
47%
WYHot Springs
47%
ARHot Spring
47%
MOHowell
47%
HIHonolulu
47%
ORHood River
47%
TXHood
47%
SCHorry
47%
ARHoward
47%
ALHouston
47%
MIHoughton
47%
GAJasper
46%
ALJackson
46%
VAJames City
46%
GABulloch
46%
KYBullitt
46%
NEBuffalo
46%
IABuena Vista
46%
ALBullock
46%
WIBurnett
46%
VABuckingham
46%
NCBuncombe
46%
ILBureau
46%
GABurke
46%
NDBurleigh
46%
TXBurleson
46%
NJBurlington
46%
TXBurnet
46%
PABucks
46%
LATangipahoa
46%
IABuchanan
46%
TXJack
46%
INJay
46%
GAButts
46%
CAButte
46%
ALButler
46%
NEBurt
46%
ILTazewell
46%
FLTaylor
46%
GATattnall
46%
MSTate
46%
TXTarrant
46%
NMTaos
46%
MOTaney
46%
IATama
46%
ALTallapoosa
46%
MSTallahatchie
46%
ALTalladega
46%
GATaliaferro
46%
GATalbot
46%
GAJeff Davis
45%
MTLewis and Clark
45%
IDLewis
45%
LAJefferson Davis
45%
FLLevy
45%
MILenawee
45%
KYLetcher
45%
KYJessamine
45%
OKLe Flore
45%
MNLe Sueur
45%
NMLea
45%
MSLeake
45%
KSLeavenworth
45%
PALebanon
45%
ALLee
45%
MILeelanau
45%
KSJewell
45%
ILJersey
45%
KYLeslie
45%
IDJerome
45%
SDJerauld
45%
ALJefferson
45%
INJennings
45%
MSLeflore
45%
PALehigh
45%
IDLemhi
45%
NCLenoir
45%
FLLeon
45%
GAJenkins
45%
SCLexington
45%
TXPecos
45%
MOPemiscot
45%
NCPerquimans
45%
LAWest Baton Rouge
45%
GAPeach
45%
MSPearl River
45%
ALPerry
45%
NDPembina
45%
WAPend Oreille
45%
GAWebster
45%
NCPender
45%
KYPendleton
45%
MNPennington
45%
MEPenobscot
45%
ILPeoria
45%
WIPepin
45%
COWeld
45%
INWells
45%
UTWeber
45%
NCPerson
45%
MIWexford
45%
WVWetzel
45%
WYWeston
45%
PAWestmoreland
45%
NYWestchester
45%
LAWest Feliciana
45%
LAWest Carroll
45%
MOPettis
45%
MTPetroleum
45%
AKPetersburg
45%
NVPershing
45%
TNWeakley
45%
TXWebb
45%
NEPerkins
45%
NCPitt
44%
COPitkin
44%
MEPiscataquis
44%
MNPipestone
44%
FLPinellas
44%
MNPine
44%
AZPinal
44%
GAPierce
44%
AZPima
44%
ALPike
44%
ALPickens
44%
NEArthur
44%
GADooly
44%
WIDoor
44%
MDDorchester
44%
GADougherty
44%
CODouglas
44%
NMDoña Ana
44%
CODolores
44%
MEAroostook
44%
OKPittsburg
44%
PAArmstrong
44%
VAArlington
44%
ARArkansas
44%
MIArenac
44%
COArchuleta
44%
TXArcher
44%
UTPiute
44%
VAPittsylvania
44%
TNPickett
44%
TXDonley
44%
OHPickaway
44%
COArapahoe
44%
TXAransas
44%
KSDoniphan
44%
ILPiatt
44%
WVDoddridge
44%
GADodge
44%
IACerro Gordo
43%
AKAnchorage
43%
KSAnderson
43%
MOAndrew
43%
TXAndrews
43%
NCAnson
43%
PACentre
43%
MEAndroscoggin
43%
TXAngelina
43%
MDAnne Arundel
43%
MDCecil
43%
MIAntrim
43%
NEAntelope
43%
MNAnoka
43%
IACedar
43%
NDDickey
42%
TXDickens
42%
VADickenson
42%
AKDillingham
42%
IADickinson
42%
TNDickson
42%
TXDimmit
42%
VADinwiddie
42%
DCDistrict of Columbia
42%
NDDivide
42%
FLDixie
42%
NEDixon
42%
SCDillon
42%
ILGallatin
42%
OKGarvin
42%
OHGallia
42%
TXGalveston
42%
NEGarden
42%
COGarfield
42%
ARGarland
42%
KYGarrard
42%
MDGarrett
42%
TXGarza
42%
VAGalax
42%
MOGasconade
42%
NCGaston
42%
TXGaines
42%
NEGage
42%
FLGadsden
42%
NCGates
42%
OKSequoyah
41%
TXSutton
41%
WYSublette
41%
ARSevier
41%
ALSumter
41%
CASutter
41%
NYSeneca
41%
DESussex
41%
PASusquehanna
41%
NCSurry
41%
MSSunflower
41%
KSSumner
41%
KSSeward
41%
COSummit
41%
WVSummers
41%
SDSully
41%
INSullivan
41%
MASuffolk
41%
FLSuwannee
41%
TNSequatchie
41%
NDHettinger
41%
FLSeminole
41%
GAFannin
41%
IARinggold
41%
KSRiley
41%
GARichmond
41%
ILRichland
41%
NERichardson
41%
UTRich
41%
KSRice
41%
AKFairbanks North Star
41%
VAFairfax
41%
CTFairfield
41%
SDFall River
41%
MTFallon
41%
VAFalls Church
41%
TXFalls
41%
MNFaribault
41%
CORio Blanco
41%
INHendricks
41%
FLHernando
41%
NYHerkimer
41%
ALHenry
41%
VAHenrico
41%
MNHennepin
41%
FLHendry
41%
ILHenderson
41%
SDFaulk
41%
ARHempstead
41%
TXHemphill
41%
GAHeard
41%
ALFayette
41%
VAFauquier
41%
ARFaulkner
41%
NMRio Arriba
41%
CORio Grande
41%
COSedgwick
41%
TXKerr
41%
MEKennebec
41%
WIKenosha
41%
DEKent
41%
KYKenton
41%
IAKeokuk
41%
CAKern
41%
SCKershaw
41%
ILKendall
41%
AKKetchikan Gateway
41%
WIKewaunee
41%
MIKeweenaw
41%
NEKeya Paha
41%
ARSearcy
41%
ARSebastian
41%
TXKenedy
41%
AKKenai Peninsula
41%
INRipley
41%
CARiverside
41%
MSKemper
41%
WVRitchie
41%
NEKeith
41%
NEKearney
41%
KSKearny
41%
NCHertford
41%
CATehama
40%
COTeller
40%
LATensas
40%
LATerrebonne
40%
GATerrell
40%
TXTerry
40%
IDTeton
40%
MOTexas
40%
GATelfair
40%
SCAbbeville
40%
KSGeary
40%
TXKimble
40%
MSGeorge
40%
SCGeorgetown
40%
ALBibb
40%
TXKing
40%
VAKing William
40%
VAKing George
40%
VAKing and Queen
40%
NEKimball
40%
OKKingfisher
40%
NDKidder
40%
FLCitrus
40%
OKCimarron
40%
NMCibola
40%
IDBingham
40%
NDBillings
40%
MNBig Stone
40%
MTBig Horn
40%
MOGentry
40%
LABienville
40%
KSKingman
40%
MIGenesee
40%
MNKittson
40%
WAKittitas
40%
WAKitsap
40%
IDGem
40%
COKit Carson
40%
CAKings
40%
COKiowa
40%
OHGeauga
40%
TXKinney
40%
SDKingsbury
40%
ALGeneva
40%
ILCumberland
39%
NECuming
39%
VACulpeper
39%
ALCullman
39%
NCCurrituck
39%
TXCulberson
39%
COCuster
39%
MNRock
39%
ILRock Island
39%
NCRobeson
39%
SDRoberts
39%
VARoanoke
39%
TNRoane
39%
NMCurry
39%
MIRoscommon
39%
OHCuyahoga
39%
OKRogers
39%
KYRockcastle
39%
GARockdale
39%
NHRockingham
39%
NYRockland
39%
TXRockwall
39%
OKRoger Mills
39%
KSRooks
39%
KYRowan
39%
VARockbridge
39%
MTRoosevelt
39%
MNRoseau
39%
MTRosebud
39%
OHRoss
39%
CORoutt
39%
NDRolette
39%
KYRobertson
39%
GAWilkinson
39%
NDWilliams
39%
TXWinkler
39%
VTWindsor
39%
CTWindham
39%
VAWinchester
39%
KSWilson
39%
ILWilliamson
39%
SCWilliamsburg
39%
TXWillacy
39%
IAWinneshiek
39%
ILWill
39%
MNWilkin
39%
GAWilkes
39%
ALWilcox
39%
TXWilbarger
39%
MDWicomico
39%
KSWichita
39%
MTWibaux
39%
LAWinn
39%
ILWinnebago
39%
MNWinona
39%
WVWirt
39%
TXWise
39%
ALWinston
39%
ILChristian
38%
KYMuhlenberg
38%
NVChurchill
38%
NECherry
38%
VAChesapeake
38%
NHCheshire
38%
PAChester
38%
SCChesterfield
38%
COCheyenne
38%
ARChicot
38%
IAChickasaw
38%
TXChildress
38%
ALChilton
38%
MIChippewa
38%
MNChisago
38%
VTChittenden
38%
ALChoctaw
38%
MTChouteau
38%
NCChowan
38%
GAMurray
38%
ORMultnomah
38%
ALCherokee
38%
IAMuscatine
38%
MSRankin
38%
GARabun
38%
WIRacine
38%
VARadford
38%
TXRains
38%
WVRaleigh
38%
MORalls
38%
MNRamsey
38%
TXRandall
38%
ALRandolph
38%
NDRansom
38%
GAMuscogee
38%
LARapides
38%
VARappahannock
38%
MTRavalli
38%
KSRawlins
38%
MORay
38%
KYHickman
38%
MTMusselshell
38%
OKMuskogee
38%
MIMuskegon
38%
NYChenango
38%
OHMuskingum
38%
MOHickory
38%
MICharlevoix
38%
TNCheatham
38%
MICheboygan
38%
WAChelan
38%
NYChemung
38%
GAChattooga
38%
GAChattahoochee
38%
COChaffee
38%
ALChambers
38%
ILChampaign
38%
MOChariton
38%
VACharles City
38%
SDCharles Mix
38%
MDCharles
38%
NMChaves
38%
SCCharleston
38%
FLCharlotte
38%
MSHinds
38%
OHHighland
38%
FLHighlands
38%
MTHill
38%
FLHillsborough
38%
MIHillsdale
38%
VACharlottesville
38%
KSChautauqua
38%
COHinsdale
38%
NEHitchcock
38%
NMHidalgo
38%
GAChatham
38%
KSChase
38%
GACharlton
38%
OKKay
37%
UTDuchesne
37%
MADukes
37%
NEDundy
37%
TXKaufman
37%
IADubuque
37%
NDDunn
37%
MODunklin
37%
TXReeves
37%
OHAshtabula
37%
ARAshley
37%
OHAshland
37%
NCAshe
37%
TXReagan
37%
TXReal
37%
MNRed Lake
37%
LARed River
37%
NERed Willow
37%
MNRedwood
37%
TXRefugio
37%
TXKarnes
37%
KSReno
37%
NYRensselaer
37%
MNRenville
37%
KSRepublic
37%
MOReynolds
37%
FLDuval
37%
NYDutchess
37%
NCDurham
37%
NCDuplin
37%
ILDuPage
37%
HIKauai
37%
WAAsotin
37%
ILKankakee
37%
KYSimpson
37%
LAAssumption
37%
SDHutchinson
37%
MIHuron
37%
INHuntington
37%
ILKane
37%
NJHunterdon
37%
MNSibley
37%
CASierra
37%
MTSilver Bow
37%
IASioux
37%
MIKalamazoo
37%
CASiskiyou
37%
AKSitka
37%
TXHunt
37%
MSHumphreys
37%
CAHumboldt
37%
OKHughes
37%
COHuerfano
37%
TXHudspeth
37%
NJHudson
37%
MNHubbard
37%
LAAscension
37%
PAHuntingdon
37%
HIKalawao
37%
INDubois
37%
WVKanawha
37%
MNKanabec
37%
MNKandiyohi
37%
MIKalkaska
37%
NYTompkins
36%
NDTowner
36%
GATowns
36%
KYTodd
36%
UTTooele
36%
CTTolland
36%
TXTom Green
36%
NMTorrance
36%
GAToombs
36%
MTToole
36%
NYNiagara
35%
KYNicholas
35%
MNNicollet
35%
WYNiobrara
35%
NCJohnston
34%
MIGogebic
34%
ORJosephine
34%
ILJo Daviess
34%
ARJohnson
34%
GAGordon
34%
GAJones
34%
WYGoshen
34%
KSGove
34%
TXGoliad
34%
IDGooding
34%
MNGoodhue
34%
NEGosper
34%
TXGonzales
34%
VAGoochland
34%
MTGolden Valley
34%
CATuolumne
33%
WIFond du Lac
33%
INFountain
33%
NDFoster
33%
TXFort Bend
33%
GAForsyth
33%
MSForrest
33%
PAForest
33%
ILFord
33%
TXFoard
33%
GATurner
33%
VAAccomack
33%
WVTucker
33%
CATulare
33%
OKTulsa
33%
MITuscola
33%
OHTuscarawas
33%
MSTunica
33%
ALTuscaloosa
33%
LAAcadia
33%
NYBroome
32%
INTipton
32%
TXBriscoe
32%
FLBradford
32%
ILBrown
32%
FLBroward
32%
COBroomfield
32%
GABrooks
32%
SDBrookings
32%
WVBrooke
32%
NYBronx
32%
MTBroadwater
32%
MABristol
32%
AKBristol Bay
32%
TXTitus
32%
MSTishomingo
32%
INTippecanoe
32%
NCBrunswick
32%
WVBraxton
32%
FLBrevard
32%
IABremer
32%
KYBreckinridge
32%
KYBreathitt
32%
TXBrazos
32%
TXBrazoria
32%
GABrantley
32%
MSTippah
32%
MIBranch
32%
ARBradley
32%
GATift
32%
ORTillamook
32%
OKTillman
32%
NYTioga
32%
SDBrule
32%
KYBracken
32%
GABryan
32%
VAAmelia
32%
COGilpin
32%
GAGilmer
32%
INGibson
32%
TXGillespie
32%
CAAmador
32%
TNGiles
32%
FLGilchrist
32%
AZGila
32%
ORGilliam
32%
VAAmherst
32%
MSAmite
32%
TXBrewster
32%
WAFerry
31%
TXVan Zandt
31%
MTFergus
31%
AKValdez-Cordova
31%
TNFentress
31%
IDValley
31%
ARVan Buren
31%
OHVan Wert
31%
TXAtascosa
31%
KSAtchison
31%
OHAthens
31%
TXVal Verde
31%
NCVance
31%
FLPutnam
31%
INVanderburgh
31%
MSAttala
31%
OKAtoka
31%
NMValencia
31%
OKPushmataha
31%
COPueblo
31%
NJAtlantic
31%
GAAtkinson
31%
ARPulaski
31%
GAClayton
30%
KSCloud
30%
ARCleveland
30%
OHClermont
30%
ALCleburne
30%
IDClearwater
30%
PAClearfield
30%
COClear Creek
30%
ALClarke
30%
ALClay
30%
ORClatsop
30%
ARClark
30%
PAClarion
30%
MIClare
30%
WAClallam
30%
LAClaiborne
30%
ORClackamas
30%
GAClinch
30%
SCClarendon
30%
ILClinton
30%
IALucas
30%
IAWoodbury
30%
VALunenburg
30%
PALuzerne
30%
TXLubbock
30%
MILuce
30%
GALumpkin
30%
OHWood
30%
KYWolfe
30%
ILWoodford
30%
ARWoodruff
30%
OKWoods
30%
KSWoodson
30%
OKWoodward
30%
MDWorcester
30%
GAWorth
30%
NMLuna
30%
KSGreeley
29%
WIGreen Lake
29%
KYGreen
29%
WVGreenbrier
29%
ALGreene
29%
AZGreenlee
29%
MNFillmore
29%
VAGreensville
29%
TXFisher
29%
KSFinney
29%
WAGrays Harbor
29%
NENuckolls
29%
TXNueces
29%
KYGreenup
29%
SCGreenville
29%
KYGrayson
29%
CAEl Dorado
29%
KSGray
29%
MIGrand Traverse
29%
IAKossuth
29%
INKosciusko
29%
IDKootenai
29%
MNKoochiching
29%
AKKodiak Island
29%
ARGrant
29%
MTGranite
29%
COGrand
29%
VTGrand Isle
29%
KYGraves
29%
NDGrand Forks
29%
TNGrainger
29%
AZGraham
29%
NHGrafton
29%
COEl Paso
29%
GAGrady
29%
NCGranville
29%
MIGratiot
29%
KSGreenwood
29%
OKGreer
29%
TXGregg
29%
KSElk
29%
SDGregory
29%
ALElmore
29%
KSEllis
29%
KYElliott
29%
NVElko
29%
INElkhart
29%
KSEllsworth
29%
MSGrenada
29%
ILGrundy
29%
TXGrimes
29%
COElbert
29%
NDGriggs
29%
ILVermilion
28%
NHStrafford
28%
NCStokes
28%
ARStone
28%
TXStonewall
28%
NVStorey
28%
IAStory
28%
GAAppling
28%
NDStutsman
28%
IAAppanoose
28%
CAVentura
28%
VAAppomattox
28%
LAVernon
28%
INVermillion
28%
MTStillwater
28%
PAVenango
28%
MOStoddard
28%
INSteuben
28%
GAStewart
28%
ILStark
28%
IAO'Brien
28%
AZApache
28%
KSStafford
28%
CAStanislaus
28%
SDStanley
28%
KSStevens
28%
KSStanton
28%
NCStanly
28%
INStarke
28%
TXStarr
28%
VAStaunton
28%
MOSte. Genevieve
28%
MNStearns
28%
MNSteele
28%
GAStephens
28%
ILStephenson
28%
TXSterling
28%
IAGuthrie
27%
NEFrontier
27%
FLGulf
27%
NCGuilford
27%
OHGuernsey
27%
NMGuadalupe
27%
ARFulton
27%
COGunnison
27%
SCOrangeburg
27%
TXFreestone
27%
MOOregon
27%
LAOrleans
27%
CAOrange
27%
CAFresno
27%
COFremont
27%
TXFrio
27%
MNFreeborn
27%
VAFredericksburg
27%
MDFrederick
27%
ALFranklin
27%
NEFurnas
27%
TXRusk
25%
ALRussell
25%
NCRutherford
25%
VTRutland
25%
OHAuglaize
25%
VAAugusta
25%
SDAurora
25%
TXAustin
25%
INRush
25%
TXRunnels
25%
OHVinton
25%
ALAutauga
25%
VAVirginia Beach
25%
IAAudubon
25%
WIVilas
25%
INVigo
25%
TXVictoria
25%
MOAudrain
25%
PAJuniata
24%
UTJuab
24%
MTJudith Basin
24%
AKJuneau
24%
COEagle
23%
NMQuay
23%
LAEast Carroll
23%
GAQuitman
23%
NYQueens
23%
MDQueen Anne's
23%
GAEarly
23%
LAEast Baton Rouge
23%
LAEast Feliciana
23%
TXEastland
23%
MIEaton
23%
WIEau Claire
23%
SCAiken
22%
NVEsmeralda
22%
MAEssex
22%
MNAitkin
22%
KYEstill
22%
ALEscambia
22%
TXShackelford
21%
FLIndian River
21%
ARIndependence
21%
MIIngham
21%
PAIndiana
21%
WISheboygan
21%
MSSharkey
21%
ARSharp
21%
CAShasta
21%
WIShawano
21%
KSShawnee
21%
ALShelby
21%
CAInyo
21%
VAShenandoah
21%
MNSherburne
21%
KSSheridan
21%
KSSherman
21%
MIShiawassee
21%
IDShoshone
21%
MOShannon
21%
ARCraighead
20%
OKCraig
20%
OKCreek
20%
ARCrittenden
20%
ARCrawford
20%
COCrowley
20%
MNCrow Wing
20%
ARCross
20%
TXCrosby
20%
ORCrook
20%
NCCraven
20%
ALCrenshaw
20%
GACrisp
20%
TNCrockett
20%
TXCrane
20%
TXJim Wells
19%
TXErath
19%
TXJim Hogg
19%
AKKusilvak
19%
NYErie
19%
FLVolusia
19%
VAPrince Edward
18%
WIPrice
18%
GATreutlen
18%
WVPreston
18%
VAPrince George
18%
AKPrince of Wales-Hyder
18%
VAPrince William
18%
RIProvidence
18%
COProwers
18%
TXZavala
18%
TXZapata
18%
AKYukon-Koyukuk
18%
MDPrince George's
18%
ARPrairie
18%
MIPresque Isle
18%
KYTrimble
18%
WITrempealeau
18%
KSTrego
18%
MTTreasure
18%
TXTravis
18%
MNTraverse
18%
NCTransylvania
18%
NDTraill
18%
CATrinity
18%
TXPresidio
18%
SDTripp
18%
GATroup
18%
TNTrousdale
18%
OHTrumbull
18%
KSPratt
18%
OHPreble
18%
MSPrentiss
18%
CAYuba
18%
AZYuma
18%
NCYancey
18%
NCYadkin
18%
AZYavapai
18%
MSYazoo
18%
ORYamhill
18%
MSYalobusha
18%
KYTrigg
18%
SDYankton
18%
WAYakima
18%
AKYakutat
18%
NYYates
18%
TXYoung
17%
TXYoakum
17%
CAYolo
17%
MEYork
17%
NCAvery
16%
LAAvoyelles
16%
MOPhelps
15%
GAFloyd
15%
SCFlorence
15%
PAPhiladelphia
15%
KYFleming
15%
MTFlathead
15%
ARPhillips
15%
VAFluvanna
15%
FLFlagler
15%
NEThayer
14%
GAThomas
14%
MTYellowstone
14%
MNYellow Medicine
14%
ARYell
14%
TXThrockmorton
14%
NEThurston
14%
GABleckley
13%
VABland
13%
NCBladen
13%
TXBlanco
13%
MNBlue Earth
13%
ALBlount
13%
TNBledsoe
13%
IDBlaine
13%
PABlair
13%
CAPlacer
13%
LAPlaquemines
13%
MOPlatte
13%
WVPleasants
13%
CAPlumas
13%
IAPlymouth
13%
INBlackford
13%
IABlack Hawk
13%
OHWyandot
12%
ALEtowah
12%
INSpencer
12%
GASpalding
12%
SCSpartanburg
12%
VASpotsylvania
12%
WASpokane
12%
KSWyandotte
12%
ILEdgar
12%
NCEdgecombe
12%
SCEdgefield
12%
KYEdmonson
12%
NMEddy
12%
SDEdmunds
12%
ILEdwards
12%
SDSpink
12%
NYWyoming
12%
VAWythe
12%
IAEmmet
11%
NDEmmons
11%
UTEmery
11%
GAEmanuel
11%
VAEmporia
11%
SDZiebach
11%
ARDrew
11%
NVEureka
10%
INWhitley
10%
VASmyth
10%
WASnohomish
10%
PASnyder
10%
NVNye
10%
MIOakland
10%
GAWhitfield
10%
NDSlope
10%
ILWhiteside
10%
ARWhite
10%
NVWhite Pine
10%
GAWheeler
10%
MTWheatland
10%
WAWhatcom
10%
TXWharton
10%
KSSmith
10%
WAWhitman
10%
NJGloucester
9%
OKOkmulgee
9%
IAIowa
9%
MIIosco
9%
MIIonia
9%
CAGlenn
9%
ILSchuyler
9%
MISchoolcraft
9%
MNOlmsted
9%
NDOliver
9%
KYOldham
9%
MSOktibbeha
9%
OKOklahoma
9%
MOScotland
9%
OKOkfuskee
9%
FLOkeechobee
9%
NYSchoharie
9%
GASchley
9%
TXSchleicher
9%
NYSchenectady
9%
IDIdaho
9%
IAIda
9%
FLOkaloosa
9%
WAOkanogan
9%
OHScioto
9%
PASchuylkill
9%
TXTyler
9%
TXScurry
9%
MIGladwin
9%
FLGlades
9%
TXGlasscock
9%
GAGlascock
9%
MTGlacier
9%
ARScott
9%
NCTyrrell
9%
NEScotts Bluff
9%
GAScreven
9%
GAGlynn
9%
GAEffingham
8%
ARUnion
8%
AKWrangell
8%
IAWright
8%
TNUnicoi
8%
KSOsage
7%
IDOneida
7%
MSIssaquena
7%
NYOnondaga
7%
NCOnslow
7%
NYOntario
7%
MIOntonagon
7%
KSOsborne
7%
TXOchiltree
7%
GAEvans
7%
LAEvangeline
7%
ILIroquois
7%
MIIron
7%
TXIrion
7%
NCIredell
7%
WIOconto
7%
GAOconee
7%
MIOceana
7%
VAIsle of Wight
7%
NJOcean
7%
NYOswego
7%
MIOscoda
7%
FLOsceola
7%
GAIrwin
7%
MIIsabella
7%
MNIsanti
7%
CAImperial
7%
WAIsland
7%
VALynchburg
6%
INOhio
6%
TXLynn
6%
PALycoming
6%
SDLyman
6%
IALyon
6%
NCMcDowell
6%
GAMcIntosh
6%
INSwitzerland
6%
SCMcCormick
6%
ILMcDonough
6%
MOMcDonald
6%
MTSweet Grass
6%
WYSweetwater
6%
MNSwift
6%
OKMcCurtain
6%
UTUtah
6%
ILMcLean
6%
MNOtter Tail
6%
TXMcLennan
6%
MNMcLeod
6%
TXEctor
6%
TXMcCulloch
6%
KYMcCreary
6%
KYMcCracken
6%
TXSwisher
6%
GAEchols
6%
NCSwain
6%
KSOttawa
6%
PAMcKean
6%
TNRhea
6%
OKMcClain
6%
COOtero
6%
NEOtoe
6%
MIOtsego
6%
MTMcCone
6%
KSMcPherson
6%
SDMcCook
6%
ILMcHenry
6%
TNMcNairy
6%
TXMcMullen
6%
NDMcKenzie
6%
NMMcKinley
6%
TNMcMinn
6%
GAMcDuffie
6%
WAKlickitat
5%
TXKleberg
5%
ORKlamath
5%
WASkagit
4%
WASkamania
4%
AKSkagway
4%
NCHyde
4%
TNDyer
4%
AROuachita
3%
COOuray
3%
TNObion
3%
IDOwyhee
3%
KYOwsley
3%
INOwen
3%
ILKnox
3%
KYKnott
3%
TXLlano
3%
UTUintah
3%
WIOutagamie
3%
MNItasca
3%
MSItawamba
3%
WYUinta
3%
MOOzark
2%
NYUlster
2%
TNOverton
2%
LAIberia
2%
LAIberville
2%
GAOglethorpe
2%
ILOgle
2%
SDOglala Lakota
2%
MIOgemaw
2%
WIOzaukee
2%
ORUmatilla
2%
MEOxford
2%
GAGwinnett
1%
TXUpton
1%
GAUpson
1%
GATwiggs
1%
IDTwin Falls
1%
TXUpshur
1%
TXUvalde
0%
ARIzard
0%

Score Distribution

Percentile by Number Answered

Percent of People with Each Score

Your Score History

You have not taken this quiz